000 01640nam a22002417a 4500
003 DO-SdBJH
005 20240117135331.0
008 240117b |||||||| |||| 00| 0 spa d
040 _aDO-SdBJH
_bspa
_cDO-SdBJH
090 _aTG AMBC
_b02022 2021
100 1 _aPeralta Segura, Omar
_esustentante
245 1 0 _aPropuesta de modernización y equipamiento de los armamentos utilizados en bloque de armas y tácticas Militares en la Academia Militar Batallas de las Carreras /
_c Omar Peralta Segura, Wander Porfirio Otaño Díaz, asesores Juan José Otaño Jiménez, Johany Josefina Acevedo Cabrera
260 _aSanto Domingo Este :
_bINSUDE,
_c2021
300 _axvii, 34 páginas
502 _aTrabajo de grado (Licenciado en Ciencias Militares) -- Instituto Superior para la Defensa (INSUDE). Academia “Militar Batalla de las Carreras” del Ejército de República Dominicana, 2021.
504 _aIncluye referencias bibliográficas e índices
505 _aDefinición y caracteristicas de un material bélico. -- Diagnóstico situacional de los equipamientos de armamentos militares en la Academia Militar Batalla de las Carreras. -- Propuesta de Modernización y Equipamiento de los Armamento utilizados en el bloque de armas y tácticas militares de la Academia Militar Batalla de las Carreras
700 1 _aPorfirio Otaño Díaz, Wander
_esustentante
700 1 _aOtaño Jiménez, Juan José
_easesor
700 1 _aAcevedo Cabrera, Johany Josefina
_easesor
830 _a INSUDE. “Academia “Militar Batalla de las Carreras” del Ejército de República Dominicana”. Tesis y disertaciones.
942 _2CL
_cT
999 _c7688
_d7688